Вып. 59; Вычислительная и прикладная математика

Podrobná bibliografie
Parent link:Вычислительная и прикладная математика: республиканский межведомственный научный сборник/ Киевский государственный университет им. Т. Г. Шевченко. Вып. 59.— , 1965-1992
Další autoři: Ляшко И. И. Иван Иванович (редактор)
Jazyk:ruština
Vydáno: 1986
Témata:
Médium: MixedMaterials Kniha
KOHA link:https://koha.lib.tpu.ru/cgi-bin/koha/opac-detail.pl?biblionumber=279927

MARC

LEADER 00000nam2a2200000 4500
001 279927
005 20231101235245.0
035 |a (RuTPU)RU\TPU\book\303232 
035 |a RU\TPU\book\302510 
090 |a 279927 
100 |a 20141224d1986 k y0rusy5003 ca 
101 0 |a rus 
102 |a UA 
105 |a a z 001zy 
200 0 |a Вып. 59 
210 |d 1986 
215 |a 130 с.  |c ил. 
320 |a Библиогр. в конце ст. 
461 1 |0 (RuTPU)RU\TPU\book\165551  |t Вычислительная и прикладная математика  |o республиканский межведомственный научный сборник  |f Киевский государственный университет им. Т. Г. Шевченко  |v Вып. 59  |d 1965-1992 
606 1 |a Вычислительная математика  |2 stltpush  |3 (RuTPU)RU\TPU\subj\4022  |9 32338 
606 1 |a Математика прикладная  |2 stltpush  |3 (RuTPU)RU\TPU\subj\53312  |9 71627 
610 1 |a численные методы 
610 1 |a уравнения 
610 1 |a решения 
610 1 |a аналитические функции 
610 1 |a обобщенные многочлены 
610 1 |a сходимость 
610 1 |a интегральные уравнения 
610 1 |a механика 
610 1 |a задачи 
610 1 |a приближенные методы 
610 1 |a ЭВМ 
610 1 |a теория упругости 
610 1 |a оптимизация 
610 1 |a напряженно-деформированное состояние 
610 1 |a фильтрация 
610 1 |a теория 
610 1 |a теория управления 
610 1 |a математическая статистика 
610 1 |a математическая кибернетика 
610 1 |a выпуклое программирование 
675 |a 519.6  |z rus  |v 4 
675 |a 51-7  |z rus  |v 4 
702 1 |a Ляшко  |b И. И.  |g Иван Иванович  |4 340 
801 0 |a RU  |b RuMRKP  |c 19950704  |g psbo 
801 1 |a RU  |b 63413507  |c 20141217 
801 2 |a RU  |b 63413507  |c 20170426  |g RCR 
942 |c BK